00622nam a2200181 i 4500001000400000245014600004260007900150300002500229505002000254650002400274650001400298655002900312700002700341020001500368040000800383041000800391008004100399bgj00aA Teacher's Miscellany :ban anthology of short writings from diverse countries and many centuries /c[compiled] by Bernard E. Faber, editor. aJefferson, NC ;aLondon :bMcFarland & Company, Inc. Publishers,cc. 1990. aXI, 396 pp ;c24 cm. aIncludes index. 9aQuotations, English 9aEducation aQuotations, maxims, etc.1 aFABER, Bernard E.eed. a0899505171 cBPK0 aeng s uk f |000 0 eng